=LDR 00000nam 2200000 4500 =001 INLIS000000000034884 =005 20141014134027.0 =006 =007 =008 ind =035 ##$$a 0010-061300000034884 =041 ##$$a ind =082 ##$$a 372.3 =090 ##$$a 372.3, Tri a =100 ##$$a Trimasyah, Bambang =245 ##$$a Alam ajaib/Bambang Trimasyah =250 ##$$a Seri Bocah Sains =260 ##$$a Bogor $b Regina Publishing $c [20..?] =300 ##$$a 32 hlm., Ilus., 25 cm =650 ##$$a Sains ( Pendidikan Dasar ) =850 ##$$a NBPNMAT